Statistics for Metallica knowledge test

Click here to take the quiz!

General Stats

  • This quiz has been taken 138 times
  • The average score is 15 of 30

Answer Stats

QuestionAnswer% Correct
What thrash metal band did Dave Mustaine form after leaving Metallica?Megadeth
92%
Metallica was the first ever band which played on all seven continents.True
83%
Which albums contain "The Unforgiven" songs?Black Album, Reload, Death Magnetic
78%
Jason Newsted is the longest-serving Metallica bassist.False
78%
In which country did Cliff Burton die?Sweden
75%
Cliff Burton played bass mostly with a pick.False
74%
S&M2 featured tracks from every Metallica album up until that point.True
62%
Which of these songs was originally named "The Mechanix" before Metallica re-did it following Mustaine's dismissal?The Four Horsemen
61%
Which song did Metallica perform live the most times?Master of Puppets
58%
Dave Mustaine received credit for songs on "Ride the Lightning" album.True
57%
On which song does the word "Metallica" appear in lyrics?Whiplash
56%
In which year did the band play the most shows?1992
55%
Which of these bands' song covers did Metallica not release on Garage Inc.?AC/DC
55%
"Off to never never land" - these lyrics are mostly associated with "Enter Sandman", but in what other song do they appear?King Nothing
55%
Which Metallica song is the shortest?Motorbreath
53%
Which album contains the song after which Metallica's charity is named?St. Anger
53%
Out of 12 songs on "Hardwired... to Self-Destruct", how many have music videos?Every single one
51%
St. Anger was mostly notable and criticized for:All answers are correct
49%
How many Metallica albums contain title tracks?Five
46%
Which song was chronologically the first not to use the E standard guitar tuning?The Thing That Should Not Be
45%
Which song appeared in the name of the Master of Puppets' promotional tour?Damage, Inc.
43%
What % of Metallica songs is longer than 6 minutes?Between 50 and 60%
35%
How many instrumental tracks has Metallica released so far?Five
33%
Which of the current Metallica members is the oldest?Kirk Hammett
31%
How many Metallica songs are longer than 9 minutes?Four
24%
"The Outlaw Torn"'s uncut version appears in one of the band's singles. Which one is it?The Memory Remains
22%
What cover did Metallica play live the most times so far?Last Caress
18%
Which of these sentences is true?Metallica didn't play any shows in 2001
18%
Since 1996, Metallica downtunes their guitar for most songs by half-a-step while performing live. In what tuning do they play "Dream No More" live?C#
14%
In which country did Metallica perform together with the rest of "The Big 4" for the first time?Poland
9%

Score Distribution

Percentile by Number Answered

Percent of People with Each Score

Your Score History

You have not taken this quiz